|
|
|
|
| LEADER |
00000naa2a2200000 4500 |
| 001 |
381195 |
| 005 |
20231101062810.0 |
| 035 |
|
|
|a (RuTPU)RU\TPU\prd\3406
|
| 090 |
|
|
|a 381195
|
| 100 |
|
|
|a 20020423a2002 k y0rusy50 ca
|
| 101 |
0 |
|
|a rus
|
| 102 |
|
|
|a RU
|
| 200 |
1 |
|
|a Индикатор стереобаланса
|f А. Бутов
|
| 225 |
1 |
|
|a Бытовая радиоэлектроника
|
| 320 |
|
|
|a Библиогр.: 1 назв.
|
| 461 |
|
1 |
|0 (RuTPU)RU\TPU\prd\1184
|t Радиомир
|o научно-популярный журнал
|d 2001-
|
| 463 |
|
1 |
|0 (RuTPU)RU\TPU\prd\2432
|t № 1
|v С. 9
|d 2002
|
| 610 |
1 |
|
|a стереобаланс
|
| 610 |
1 |
|
|a индикаторы
|
| 610 |
1 |
|
|a звуковоспроизводящие аппараты
|
| 700 |
|
1 |
|a Бутов
|b А.
|
| 801 |
|
1 |
|a RU
|b 63413507
|c 20020423
|g PSBO
|
| 801 |
|
2 |
|a RU
|b 63413507
|c 20130703
|g PSBO
|
| 942 |
|
|
|c BK
|